000 00999nam0a22002531 4500
001 rc\4003186
005 20260407155909.0
021 _aRU
_b[54-31130]
035 _a(NLR Aleph) 008074440
090 _a9083587
_c9083587
100 _a20130415d1954 |||y0rusy50 ca
101 0 _arus
102 _aRU
105 _ay z |||||
200 1 _aМатериалы совещания
_fВсесоюз. совещание работников машинно-тракт. станций, созванное ЦК КПСС и Советом Министров СССР. [25-28 янв. 1954 г.]
210 _aМосква
_cСельхозгиз
_d1954
215 _a380 с.
_d20
606 _aМашинно-тракторные станции
_2psbo
710 1 2 _aВсесоюзное совещание работников МТС
_eМосква
_f1954
_9695863
_3RU\NLR\AUTH\8810097385
801 0 _aRU
_bNLR
_gpsbo
801 1 _aRU
_bELAR
_2rusmarc
852 _aNLR
_jЭк50 Г-3/421
942 _cBOOK
980 _aNB